000
00333pam a2200157a 44500
008
230515b2001 xxu||||| |||| 00| 0 eng d
020
_a
NULL
041
_a
ENGLISH
082
_a
0
100
_a
THOMSON W J
245
_a
TRANSPOST PENOMENA
250
_a
0
260
_a
_b
PEASON EDUE.
_c
2001
300
_a
509P
650
_a
NULL
999
_c
593829
_d
593829